00701cam a22002053a 450000100060000000300060000600500170001200800410002904000150007004200070008505000070009224501760009926000290027550600300030451600200033465300410035470000290039583000290042485600420045342818PGUSA20140828083954.0130527s2013||||xxu|||||s|||||000 | eng d aPGUSAbeng adc 4aAG10aNotes and Queries, Number 240, June 3, 1854 :bA Medium of Inter-communication for Literary Men, Artists, Antiquaries, Genealogists, etc.h[electronic resource] /cVarious bProject Gutenberg,c2013 aPublic domain in the USA. aElectronic text aQuestions and answers -- Periodicals1 aBell, George,d1814-1890 0aProject Gutenbergv4281840uhttp://www.gutenberg.org/ebooks/42818